| 000 | 00464nam a2200169Ia 4500 | ||
|---|---|---|---|
| 999 |
_c12269 _d12269 |
||
| 003 | OSt | ||
| 005 | 20201023113021.0 | ||
| 008 | 190216s9999||||xx |||||||||||||| ||und|| | ||
| 040 | _coclc | ||
| 082 |
_a928.1 _bPOR/E |
||
| 100 |
_aPorges, Irwin _96080 |
||
| 245 | 0 |
_aEdgar Allan Poe / _cIrwin Porges |
|
| 260 |
_bLadder Edition, _c1967. _aUSA: |
||
| 300 | _a146P | ||
| 650 | _aEnglish Stories | ||
| 942 |
_cBK _2ddc _h928.1 _iPOR/E _k928.1 _mPOR/E |
||